One-Word TV Shows - Statistics

General Stats
  • This quiz has been taken 1,698 times
  • The average score is 11 of 20
Answer Stats
Description Show % Correct
Six pals drink coffee at Central Perk Friends
95%
I choose you, Pikachu! Pokémon
85%
Plane crash survivors battle the 'others' Lost
83%
Tanned babes and hunks patrol LA's beaches Baywatch
69%
Bar "where everybody knows your name" Cheers
69%
Musical comedy-drama at a High School Glee
67%
Medical misanthrope diagnoses patients House
67%
Blood spatter analyst secretly kills criminals Dexter
65%
Game show contestants answer with a question Jeopardy
62%
Standup comic's sitcom about nothing Seinfeld
57%
Marooned strangers divide into tribes Survivor
56%
Buffy the Vampire Slayer spinoff Angel
48%
Duo uses science to test rumours, legends etc. Mythbusters
45%
Cartoon by the creator of The Simpsons Futurama
41%
Solar eclipse reveals people's superpowers Heroes
36%
Hamptons blonde avenges her dead Dad Revenge
33%
Police consultant pretends to be psychic Psych
32%
Man uses duct tape to get out of trouble MacGyver
31%
Stop-motion penguin gets up to mischief Pingu
25%
Cynical opportunist insults side-kick Baldrick Blackadder
15%
No matching quizzes found
Score Distribution
Percent of People with Each Score
Percentile by Number Answered
Your Score History
You have not taken this quiz